<?xml version="1.0" encoding="UTF-8"?>
<collection xmlns="http://www.loc.gov/MARC21/slim">
  <record>
    <leader>00000nam  2200000   4500</leader>
    <controlfield tag="001">INLIS000000000000215</controlfield>
    <controlfield tag="005">20250721015758</controlfield>
    <datafield tag="035" ind1="#" ind2="#">
      <subfield code="a">0010-0718000215</subfield>
    </datafield>
    <controlfield tag="008">250721################g##########0#ind##</controlfield>
    <datafield tag="020" ind1="#" ind2="#">
      <subfield code="a">978 979 769 570 5</subfield>
    </datafield>
    <datafield tag="041" ind1=" " ind2=" ">
      <subfield code="a">id</subfield>
    </datafield>
    <datafield tag="082" ind1="#" ind2="#">
      <subfield code="a">371.2</subfield>
    </datafield>
    <datafield tag="090" ind1=" " ind2=" ">
      <subfield code="a">658.409 2 Set t</subfield>
    </datafield>
    <datafield tag="100" ind1=" " ind2="#">
      <subfield code="a">Setiawan, Bahar Agus</subfield>
    </datafield>
    <datafield tag="700" ind1=" " ind2="#">
      <subfield code="a">Muhith Abd</subfield>
    </datafield>
    <datafield tag="245" ind1="1" ind2="#">
      <subfield code="a">Transformational Leadership :</subfield>
      <subfield code="b">Ilustrasi di Bidang Organisasi Pendidikan /</subfield>
      <subfield code="c">Bahar Agus Setiawan</subfield>
    </datafield>
    <datafield tag="250" ind1="#" ind2="#">
      <subfield code="a">Edisi 1, Cetakan ke 1</subfield>
    </datafield>
    <datafield tag="260" ind1="#" ind2="#">
      <subfield code="a">Jakarta :</subfield>
      <subfield code="b">Grafindo Persada,</subfield>
      <subfield code="c">2013</subfield>
    </datafield>
    <datafield tag="300" ind1="#" ind2="#">
      <subfield code="a">xx, 224 halaman :</subfield>
      <subfield code="b">ilus ;</subfield>
      <subfield code="c">23 cm</subfield>
    </datafield>
    <datafield tag="650" ind1=" " ind2="4">
      <subfield code="a">Manajemen</subfield>
    </datafield>
    <datafield tag="650" ind1="#" ind2="4">
      <subfield code="a">Organisasi sekolah</subfield>
    </datafield>
    <datafield tag="084" ind1="#" ind2="#">
      <subfield code="a">371.2 SET t</subfield>
    </datafield>
    <datafield tag="520" ind1="#" ind2="#">
      <subfield code="a">Buku ini mengangkat suatu diskursus tentang kepemimpinan transformasional yang diilustrasikan dalam dunia pendidikan dengan tujuan untuk memberikan buku acuan (daras/teks) bagi diskursus kepemimpinan masa depan terutama kepemimpinan transformasional yang mampu membawa perubahan yang sangat mendasar bagi organisasi profit maupun non profit terutama dalam organisasi pendidikan. Dengan dasar tersebut, diharapkan buku ini dapat dipergunakan untuk mahasiswa program studi Strata 1 (S-1) Fakultas Pendidikan IIslam) dengan program studi Manajemen Pendidikan (MP), Kependidikan Islam (KI) dan Manajemen Pendidikan Islam (MPI) dan program Strata 2 (S-2) Konsentrasi Manajemen Pendidikan (MP) dan Manajemen Pendidikan Islam (MPI) atau bahkan program Doktor-(strata 3 (S-3)) yang ada di Perguruan Tinggi Umum (PTU) maupun Perguruan Tinggi Islam (PTI) negeri maupun swasta, para pemerhati diskursus kepemimpinan atau mereka yang sedang menempati posisi sebagai pimpinan organisasi.</subfield>
    </datafield>
    <datafield tag="856" ind1="#" ind2="#">
      <subfield code="a">Perpustakaan Lembaga Administrasi Negara</subfield>
    </datafield>
    <datafield tag="990" ind1="#" ind2="#">
      <subfield code="a">141217168</subfield>
    </datafield>
    <datafield tag="990" ind1="#" ind2="#">
      <subfield code="a">141217167</subfield>
    </datafield>
  </record>
</collection>
